AEW Blood & Guts - Statistics

General Stats
  • This quiz has been taken 152 times
    85 since last reset
  • The average score is 33 of 46
Answer Stats
Answer % Correct
Jon Moxley
100%
Wheeler Yuta
93%
Kenny Omega
91%
Mercedes Moné
91%
Toni Storm
91%
Claudio Castagnoli
89%
Matt Jackson
89%
Nick Jackson
89%
PAC
87%
Adam Page
85%
Chris Jericho
85%
Darby Allin
85%
Daniel Garcia
81%
Mark Briscoe
81%
Orange Cassidy
81%
MJF
78%
Cash Wheeler
76%
Kris Statlander
76%
Kyle O'Reilly
76%
Mina Shirakawa
76%
Roderick Strong
74%
Dax Harwood
72%
Marina Shafir
72%
Sammy Guevara
72%
Skye Blue
72%
Jake Hager
70%
Kazuchika Okada
70%
Swerve Strickland
70%
Willow Nightingale
70%
Ortiz
69%
Santana
69%
Megan Bayne
65%
Thekla
65%
Eddie Kingston
63%
Julia Hart
63%
Harley Cameron
61%
Jack Perry
61%
Jamie Hayter
61%
Wardlow
56%
Konosuke Takeshita
54%
Kota Ibushi
54%
Matt Menard
54%
Angelo Parker
50%
Max Caster
43%
Anthony Bowens
39%
Shawn Spears
39%
No matching quizzes found
Score Distribution
Percent of People with Each Score
Percentile by Number Answered
Your Score History
You have not taken this quiz since the last reset